| 000 | 01562cam a2200361 4500 | ||
|---|---|---|---|
| 001 | M83447 | ||
| 008 | 090401t1997 xxu||||| |||| 00| 0 eng d | ||
| 035 | _a(Sirsi) u77827 | ||
| 041 | _aeng | ||
| 050 | _a622 | ||
| 110 |
_aRoyal Institution of Chartered Surveyors _94900 |
||
| 245 | 4 | _aThe life cycle of minerals : Minerals Divsion annual conference, 21st March 1997, Holiday Inn Hotel, Sheffield. | |
| 260 |
_aLondon _bRICS _c1997 |
||
| 300 | _a1 folder ; 30cm. | ||
| 350 | _a0 | ||
| 505 |
_aKeynote address. _bSaville, Mark; Battle, John |
||
| 505 |
_aMinerals - land - natural environment : the foundation of wealth. _bMenzies, Ian; Plant, Jane |
||
| 505 |
_aSilicon - data modelling techniques in the exploration of mineral deposits. _bCapper, Phillip; Hatton, William |
||
| 505 |
_aEconomic valuation of mineral resources. _bBingham, Tony; Voaden, William |
||
| 505 |
_aMinerals operators in 1997 - outlaws or inlaws? _bKendall, John; Renger, Mike |
||
| 505 |
_aOperational considerations of quarrying and landfill. _bRaynsford, Nick; Harper, David |
||
| 505 |
_aMaking waste work - fact, fantasy or desperation. _bPrice, Jennie; Sheard, E. Martin |
||
| 505 |
_aRestoration and rehabilitation of mineral workings. _bSainsbury, Roger; McDougal, David |
||
| 505 |
_aResource earth - questions for society. _bCottam, Guy; Wood, Gordon |
||
| 650 | _aLANDFILL | ||
| 650 | _aMINERALS DIVISION | ||
| 650 | _aMINERALS | ||
| 650 | _aMINING | ||
| 650 |
_aValuation _96273 |
||
| 690 | _aMINING AND MINERALS | ||
| 942 | _n0 | ||
| 948 | _c21/04/1997 | ||
| 999 |
_c96360 _d96360 |
||